[Event "Espalion Op"]
[Site "Espalion (12)"]
[Date "2018.07.16"]
[Round "3.1"]
[White "Gozzoli, Yannick"]
[Black "Gerard, Nicolas"]
[Result "1-0"]
[WhiteElo "2587"]
[BlackElo "2183"]
[PlyCount "127"]
[EventDate "2018.07.??"]
[EventType "swiss"]
[EventRounds "9"]
[EventCountry "FRA"]

1. d4 Nf6 2. c4 g6 3. Nc3 d5 4. Bg5 Ne4 5. Bh4 Nxc3 6. bxc3 Bg7 7. e3 c5 8. Nf3
cxd4 9. cxd4 Nc6 10. cxd5 Qxd5 11. Be2 O-O 12. O-O e5 13. dxe5 Qxd1 14. Rfxd1
Nxe5 15. Nd4 Bd7 16. Rab1 b6 17. Rdc1 Rac8 18. Ba6 Rc5 19. Be7 Rxc1+ 20. Rxc1
Re8 21. Bd6 Ba4 22. Rc7 Rd8 23. Be7 Re8 24. h3 h5 25. Rxa7 Nc6 26. Nxc6 Bxc6
27. Bc4 Rc8 28. Bd6 Be8 29. Bc7 b5 30. Bd5 Bd7 31. Rb7 Bf8 32. Be5 Be8 33. e4
Bg7 34. Bxg7 Kxg7 35. e5 Rc5 36. Bxf7 Bxf7 37. e6 Kf6 38. exf7 Kg7 39. g3 Rc2
40. Rxb5 Rxa2 41. Rb7 Ra6 42. h4 Rf6 43. Kg2 Rf5 44. Re7 Rf6 45. f3 Kf8 46. Rd7
Kg7 47. Kf2 Re6 48. g4 hxg4 49. fxg4 Rf6+ 50. Ke3 Rf1 51. Ke4 Rf2 52. Ke5 Rf1
53. Ke4 Rf2 54. Ke3 Rf1 55. Rc7 Rf6 56. g5 Rf1 57. Ke4 Re1+ 58. Kd5 Rd1+ 59.
Ke6 Re1+ 60. Kd6 Re4 61. h5 gxh5 62. g6 Rd4+ 63. Ke5 Rd8 64. Re7 1-0

[Event "Espalion Op"]
[Site "Espalion (12)"]
[Date "2018.07.16"]
[Round "3.2"]
[White "Peter, Sebastien"]
[Black "Flear, Glenn C"]
[Result "0-1"]
[WhiteElo "2229"]
[BlackElo "2451"]
[PlyCount "108"]
[EventDate "2018.07.??"]
[EventType "swiss"]
[EventRounds "9"]
[EventCountry "FRA"]

1. e4 e5 2. Nf3 Nc6 3. d4 exd4 4. Nxd4 Bc5 5. Be3 Qf6 6. Nb5 Bxe3 7. fxe3 Qh4+
8. g3 Qd8 9. Qg4 g5 10. N1c3 d6 11. Qe2 Ne5 12. Qg2 c6 13. Nd4 Nf6 14. O-O-O
Qe7 15. Be2 Be6 16. h4 O-O-O 17. Rde1 Rhg8 18. h5 h6 19. Qf1 g4 20. Nf5 Bxf5
21. Qxf5+ Ned7 22. Qa5 Kb8 23. Qb4 Nc5 24. Qd4 Nfxe4 25. Nxe4 Nxe4 26. Bd3 Nxg3
27. Rhg1 Nxh5 28. Rxg4 Rxg4 29. Qxg4 Nf6 30. Qf4 h5 31. Rf1 Nd5 32. Qxf7 Qxe3+
33. Kb1 h4 34. Bc4 Re8 35. a3 Nb6 36. Rf3 Qe1+ 37. Ka2 Nxc4 38. Qxc4 Qe6 39.
Qxe6 Rxe6 40. Rf8+ Kc7 41. Rh8 Re4 42. Rh7+ Kb6 43. b4 Re2 44. Kb3 Rh2 45. c4
Rh3+ 46. Kb2 Rh2+ 47. Kc3 Rh1 48. a4 h3 49. Kb2 h2 50. a5+ Ka6 51. Rh6 b6 52.
axb6 axb6 53. Rh7 b5 54. c5 dxc5 0-1

[Event "Espalion Op"]
[Site "Espalion (12)"]
[Date "2018.07.16"]
[Round "3.3"]
[White "Kosten, Anthony C"]
[Black "Grichkevitch, Gilles"]
[Result "1-0"]
[WhiteElo "2439"]
[BlackElo "1964"]
[PlyCount "63"]
[EventDate "2018.07.??"]
[EventType "swiss"]
[EventRounds "9"]
[EventCountry "FRA"]

1. Nf3 Nf6 2. c4 g6 3. g3 Bg7 4. Bg2 O-O 5. O-O d6 6. Nc3 Nc6 7. d3 e5 8. Rb1
a5 9. Bg5 h6 10. Bxf6 Bxf6 11. a3 Be6 12. b4 axb4 13. axb4 Qd7 14. Nd2 Bh3 15.
Nd5 Bd8 16. Ne4 Kg7 17. b5 Nd4 18. Bxh3 Qxh3 19. e3 Nf5 20. Ra1 Rxa1 21. Qxa1
Ne7 22. f4 Nxd5 23. cxd5 f6 24. Qa7 b6 25. Qb7 Qd7 26. Qc6 Qxc6 27. bxc6 exf4
28. gxf4 Re8 29. Kf2 f5 30. Nc3 g5 31. Nb5 g4 32. Ra1 1-0

[Event "Espalion Op"]
[Site "Espalion (12)"]
[Date "2018.07.16"]
[Round "3.4"]
[White "Menard, Baptiste"]
[Black "Stets, Dmitry"]
[Result "0-1"]
[WhiteElo "2184"]
[BlackElo "2383"]
[PlyCount "70"]
[EventDate "2018.07.??"]
[EventType "swiss"]
[EventRounds "9"]
[EventCountry "FRA"]

1. e4 c5 2. Nf3 d6 3. d4 Nf6 4. Nc3 cxd4 5. Qxd4 Bd7 6. Bg5 Nc6 7. Qd2 e6 8.
O-O-O a6 9. g4 h5 10. gxh5 Rxh5 11. Be2 Rh8 12. h4 Qc7 13. Nd4 O-O-O 14. f4 Be7
15. h5 Nxd4 16. Qxd4 Bc6 17. Bf3 Kb8 18. Qe3 Rc8 19. Rd2 Rhd8 20. h6 gxh6 21.
Rxh6 Ng8 22. Rh7 Be8 23. Kb1 Bxg5 24. fxg5 Qc5 25. Qxc5 Rxc5 26. Rg7 Ne7 27.
Bh5 Ng6 28. Rg2 Re5 29. Bxg6 fxg6 30. Kc1 Kc8 31. Kd2 Rd7 32. Rg8 Kd8 33. Rg4
Rh7 34. Ne2 d5 35. exd5 Rh2 0-1

[Event "Espalion Op"]
[Site "Espalion (12)"]
[Date "2018.07.16"]
[Round "3.5"]
[White "Kurayan, Ruslan"]
[Black "Verat-Fayolle, Celian"]
[Result "1-0"]
[WhiteElo "2366"]
[BlackElo "1759"]
[PlyCount "53"]
[EventDate "2018.07.??"]
[EventType "swiss"]
[EventRounds "9"]
[EventCountry "FRA"]

1. e4 e5 2. Nf3 Nf6 3. Nxe5 d6 4. Nf3 Nxe4 5. d4 d5 6. Bd3 Be7 7. c4 c6 8. Nc3
Nxc3 9. bxc3 dxc4 10. Bxc4 O-O 11. h3 Nd7 12. O-O Nb6 13. Bb3 Bf5 14. Re1 Rc8
15. Ne5 c5 16. Qf3 Be6 17. Bxe6 fxe6 18. Qxb7 Rc7 19. Qe4 cxd4 20. Nc6 Qd6 21.
Nxd4 e5 22. Nb5 Qc5 23. Nxc7 Qxf2+ 24. Kh1 Bh4 25. Be3 Qxe1+ 26. Rxe1 Bxe1 27.
Bxb6 1-0

[Event "Espalion Op"]
[Site "Espalion (12)"]
[Date "2018.07.16"]
[Round "3.6"]
[White "Larcheveque, Francois"]
[Black "Lanzani, Mario"]
[Result "1/2-1/2"]
[WhiteElo "1980"]
[BlackElo "2280"]
[PlyCount "42"]
[EventDate "2018.07.??"]
[EventType "swiss"]
[EventRounds "9"]
[EventCountry "FRA"]

1. d4 e6 2. c4 c5 3. e3 Nf6 4. Nc3 d5 5. Nf3 a6 6. a3 dxc4 7. Bxc4 b5 8. Bb3
Bb7 9. O-O Nbd7 10. Qe2 Bd6 11. e4 cxd4 12. Nxd4 O-O 13. Bg5 Qb8 14. Nf3 Ng4
15. h3 Nh2 16. Nxh2 Bxh2+ 17. Kh1 Bf4 18. Qg4 Bxg5 19. Qxg5 Qd8 20. Qf4 Qb8 21.
Qg5 Qd8 1/2-1/2

[Event "Espalion Op"]
[Site "Espalion (12)"]
[Date "2018.07.16"]
[Round "3.7"]
[White "Lagunes, Robin"]
[Black "Carton, Patrick"]
[Result "1/2-1/2"]
[WhiteElo "1857"]
[BlackElo "2189"]
[PlyCount "43"]
[EventDate "2018.07.??"]
[EventType "swiss"]
[EventRounds "9"]
[EventCountry "FRA"]

1. c4 Nf6 2. Nc3 c5 3. g3 g6 4. Bg2 Bg7 5. Nf3 O-O 6. e4 Nc6 7. O-O d6 8. h3
Rb8 9. d3 a6 10. Be3 Ne8 11. Qd2 Nc7 12. Bh6 Ne6 13. Bxg7 Kxg7 14. Rfe1 Ned4
15. Nxd4 Nxd4 16. Ne2 Nxe2+ 17. Rxe2 e5 18. Rf1 Bd7 19. f4 Qe7 20. f5 f6 21. g4
g5 22. Bf3 1/2-1/2

[Event "Espalion Op"]
[Site "Espalion (12)"]
[Date "2018.07.16"]
[Round "3.8"]
[White "Carno, Matthias"]
[Black "Pass, Deborah J"]
[Result "0-1"]
[WhiteElo "1783"]
[BlackElo "1951"]
[PlyCount "52"]
[EventDate "2018.07.??"]
[EventType "swiss"]
[EventRounds "9"]
[EventCountry "FRA"]

1. e4 d5 2. exd5 Nf6 3. Bb5+ Nbd7 4. c4 a6 5. Bxd7+ Bxd7 6. Nc3 e6 7. dxe6 Bxe6
8. d3 Bd6 9. Nge2 O-O 10. Bf4 Re8 11. O-O Bg4 12. f3 Bxf4 13. Nxf4 Qd4+ 14. Kh1
Qxf4 15. fxg4 Qxg4 16. Qd2 (16. Nd5 $142 Qxd1 17. Nxf6+ gxf6 18. Raxd1 Re2 19.
Rxf6 Rxb2 20. Rdf1 Rxa2 21. Rxf7) 16... Rad8 17. Rad1 b5 18. cxb5 axb5 19. Rf4
Rxd3 20. Qxd3 Qxf4 21. Qxb5 Qe3 22. Rf1 h6 23. Qf5 Re5 24. Qc8+ Kh7 25. Qxc7
Qf2 26. Qc4 Re1 0-1

[Event "Espalion Op"]
[Site "Espalion (12)"]
[Date "2018.07.16"]
[Round "3.9"]
[White "Flear, Christine"]
[Black "Herrero, Alain"]
[Result "1-0"]
[WhiteElo "2083"]
[BlackElo "1647"]
[PlyCount "63"]
[EventDate "2018.07.??"]
[EventType "swiss"]
[EventRounds "9"]
[EventCountry "FRA"]

1. d4 Nf6 2. c4 g6 3. g3 d5 4. cxd5 Nxd5 5. e4 Nb6 6. Bg2 Bg7 7. Ne2 O-O 8. O-O
Nc6 9. d5 Na5 10. Nec3 Nac4 11. a4 e5 12. a5 Nd7 13. b3 Nd6 14. Be3 Nb8 15. Qd2
Bd7 16. Na3 Na6 17. Rfd1 f5 18. f3 Rf7 19. Rac1 Qf8 20. Nc4 f4 21. gxf4 exf4
22. Bd4 g5 23. Ne2 Nxe4 24. fxe4 f3 25. Bxf3 Rxf3 26. Qxg5 h6 27. Qxg7+ Qxg7+
28. Bxg7 Kxg7 29. Ne5 Re3 30. Kf2 Rxe2+ 31. Kxe2 Bb5+ 32. Ke3 1-0

[Event "Espalion Op"]
[Site "Espalion (12)"]
[Date "2018.07.16"]
[Round "3.10"]
[White "Duffau, Pascal"]
[Black "Boulier, Rene"]
[Result "1-0"]
[WhiteElo "1952"]
[BlackElo "1590"]
[PlyCount "115"]
[EventDate "2018.07.??"]
[EventType "swiss"]
[EventRounds "9"]
[EventCountry "FRA"]

1. Nf3 Nf6 2. c4 g6 3. Nc3 Bg7 4. e4 d6 5. d4 O-O 6. Be2 Bg4 7. O-O Nbd7 8. Be3
Re8 9. Nd2 Bxe2 10. Qxe2 e5 11. d5 b6 12. b4 Nh5 13. Rfc1 Rf8 14. Nb3 Nf4 15.
Qd2 Nh5 16. c5 f5 17. f3 f4 18. Bf2 g5 19. cxd6 cxd6 20. Nb5 Rf6 21. Nc7 Rb8
22. Ne6 Qe7 23. Nxg5 Rg6 24. Ne6 Bf8 25. Rc7 Ng7 26. Nxg7 Rxg7 27. Rxa7 Qg5 28.
Be1 Rc8 29. Rc1 Rxc1 30. Nxc1 h5 31. a4 h4 32. h3 Qh5 33. Qe2 Qe8 34. Rc7 Be7
35. Qc2 Nf8 36. a5 bxa5 37. bxa5 Qb8 38. Nb3 Qe8 39. Bf2 Qh5 40. Kf1 Qg6 41.
Bb6 Qe8 42. Rc6 Qa8 43. Nd2 Kh7 44. Rc8 Qa6+ 45. Qc4 Qb7 46. Rc7 Qb8 47. Qb5
Ng6 48. a6 Qg8 49. Rc2 Nh8 50. Nc4 Nf7 51. Bc7 Ng5 52. Qb8 Qf7 53. a7 Qg6 54.
a8=Q Kh6 55. Nxd6 Bxd6 56. Bxd6 Nxf3 57. Qh8+ Rh7 58. Qaf8+ 1-0

[Event "Espalion Op"]
[Site "Espalion (12)"]
[Date "2018.07.16"]
[Round "3.11"]
[White "Lagunes, Jean-Renaud"]
[Black "Deceuninck, Andre"]
[Result "1/2-1/2"]
[WhiteElo "1943"]
[BlackElo "1570"]
[PlyCount "36"]
[EventDate "2018.07.??"]
[EventType "swiss"]
[EventRounds "9"]
[EventCountry "FRA"]

1. e4 c5 2. Nf3 e6 3. b3 Nc6 4. Bb2 d6 5. Bb5 Nge7 6. O-O a6 7. Bxc6+ Nxc6 8.
a4 e5 9. Na3 Be7 10. Nc4 Be6 11. Ne3 O-O 12. d3 Nd4 13. a5 f5 14. Nxd4 cxd4 15.
Nxf5 Bxf5 16. exf5 Rxf5 17. Qe2 Qc7 18. Ra4 Raf8 1/2-1/2

[Event "Espalion Op"]
[Site "Espalion (12)"]
[Date "2018.07.16"]
[Round "3.12"]
[White "Veschambre, Antoine"]
[Black "Flaujac, Benoit"]
[Result "1/2-1/2"]
[WhiteElo "1730"]
[BlackElo "1902"]
[PlyCount "100"]
[EventDate "2018.07.??"]
[EventType "swiss"]
[EventRounds "9"]
[EventCountry "FRA"]

1. e4 e5 2. Nf3 Nc6 3. d4 exd4 4. Bc4 Nf6 5. e5 d5 6. Bb5 Ne4 7. Nxd4 Bd7 8.
Bxc6 bxc6 9. O-O Bc5 10. Be3 Bb6 11. Nd2 Nxd2 12. Qxd2 O-O 13. Nb3 Qe7 14. Rfe1
f6 15. exf6 Qxf6 16. c3 Qg6 17. Kh1 Rae8 18. Bc5 Rxe1+ 19. Rxe1 Re8 20. Rxe8+
Qxe8 21. h3 Qe4 22. Qe3 Qxe3 23. fxe3 Kf7 24. a4 a5 25. Kg1 Bf5 26. Bxb6 cxb6
27. Nd4 Bd7 28. b4 c5 29. bxa5 cxd4 30. axb6 Bc8 31. cxd4 Ke7 32. Kf2 Kd6 33.
Kf3 Bb7 34. Kf4 Kc6 35. Ke5 Kxb6 36. Ke6 Ka5 37. Kf7 g6 38. Kg7 Ba6 39. Kxh7
Bd3 40. Kh6 Kxa4 41. g4 Kb4 42. Kg5 Kc4 43. h4 Be4 44. h5 gxh5 45. gxh5 Kb5 46.
Kf6 Kc6 47. h6 Kd6 48. Kf7 Bf5 49. Kf6 Be4 50. Kf7 Bf5 1/2-1/2

[Event "Espalion Op"]
[Site "Espalion (12)"]
[Date "2018.07.16"]
[Round "3.13"]
[White "Kosten-Forintos, Gyongyver"]
[Black "Tholey, Jean-Paul"]
[Result "0-1"]
[WhiteElo "1685"]
[BlackElo "1815"]
[PlyCount "100"]
[EventDate "2018.07.??"]
[EventType "swiss"]
[EventRounds "9"]
[EventCountry "FRA"]

1. d4 Nf6 2. Nf3 g6 3. Bg5 Ne4 4. Bf4 Bg7 5. e3 c5 6. c3 d5 7. Bd3 Nc6 8. O-O
O-O 9. Nbd2 Bf5 10. Qc2 cxd4 11. exd4 Nd6 12. Rfe1 Rc8 13. Bxf5 Nxf5 14. Qd3 e6
15. Ne5 g5 16. Nxc6 Rxc6 17. Be5 f6 18. Bg3 Qd7 19. Re2 Re8 20. Rae1 h6 21. Qf3
Ra6 22. a3 Rb6 23. Nf1 Nxg3 24. Nxg3 e5 25. dxe5 fxe5 26. Rd1 Rd8 27. Red2 d4
28. cxd4 exd4 29. b4 Rd6 30. Nh5 Qf7 31. Nxg7 Qxf3 32. gxf3 Kxg7 33. Kg2 Kf6
34. Kg3 Ke5 35. Re1+ Kd5 36. Rc2 Rc6 37. Rce2 Rc3 38. Re5+ Kc4 39. Ra5 a6 40.
Rc5+ Kb3 41. Re7 Rxc5 42. bxc5 d3 43. Rxb7+ Kc2 44. c6 d2 45. c7 Rc8 46. Ra7
d1=Q 47. Rxa6 Rxc7 48. Rxh6 Rf7 49. Rc6+ Kb3 50. Rc5 Qxf3# 0-1

[Event "Espalion Op"]
[Site "Espalion (12)"]
[Date "2018.07.16"]
[Round "3.14"]
[White "Gaubert, Cedric"]
[Black "Veschambre, Martin"]
[Result "1-0"]
[WhiteElo "1797"]
[BlackElo "1541"]
[PlyCount "87"]
[EventDate "2018.07.??"]
[EventType "swiss"]
[EventRounds "9"]
[EventCountry "FRA"]

1. d4 d5 2. Bf4 Nf6 3. e3 c5 4. Nf3 Nc6 5. c3 Qb6 6. Qb3 c4 7. Qc2 g6 8. Nbd2
Bf5 9. Qc1 Bg7 10. Ne5 Nxe5 11. Bxe5 O-O 12. Be2 Ne4 13. Bxg7 Kxg7 14. O-O Nxd2
15. Qxd2 Qd6 16. f3 Rab8 17. e4 dxe4 18. fxe4 Bxe4 19. Bxc4 Bd5 20. Bxd5 Qxd5
21. Rae1 Rbe8 22. b3 e5 23. Qf2 exd4 24. Qxd4+ Qxd4+ 25. cxd4 Rxe1 26. Rxe1 Rd8
27. Rd1 Kf6 28. Kf2 Ke6 29. Ke3 f5 30. Kd3 g5 31. Re1+ Kf6 32. a4 Rd7 33. b4
Re7 34. Rc1 Rd7 35. b5 Ke6 36. Rc5 Rd5 37. a5 b6 38. axb6 axb6 39. Rc6+ Rd6 40.
Rc8 f4 41. Ke4 Kd7 42. Rg8 h6 43. d5 Ke7 44. Ke5 1-0

[Event "Espalion Op"]
[Site "Espalion (12)"]
[Date "2018.07.16"]
[Round "3.15"]
[White "Chazeau, Laineur-Lothaire"]
[Black "Pascot, Jean"]
[Result "0-1"]
[WhiteElo "1651"]
[BlackElo "1796"]
[PlyCount "62"]
[EventDate "2018.07.??"]
[EventType "swiss"]
[EventRounds "9"]
[EventCountry "FRA"]

1. d4 Nf6 2. Bf4 e6 3. e3 b6 4. Nf3 Bb7 5. Bd3 d5 6. Nbd2 Bd6 7. Ne5 O-O 8. c3
Nc6 9. Ndf3 Ne7 10. h3 c5 11. O-O Ne4 12. Nd2 f6 13. Nef3 cxd4 14. Bxd6 dxe3
15. Bxe7 exf2+ 16. Rxf2 Qxe7 17. Rf1 (17. Re2) 17... Qc5+ 18. Kh2 Qc7+ 19. Kg1
Ng3 20. Re1 e5 21. Bb1 Rae8 22. Qc2 e4 23. Nd4 f5 24. Nf1 f4 25. Nh2 Qd6 26. a4
Qg6 27. Nf1 Qg5 28. Nxg3 Qxg3 29. Qf2 Qg5 30. Ba2 f3 31. g3 e3 0-1

[Event "Espalion Op"]
[Site "Espalion (12)"]
[Date "2018.07.16"]
[Round "3.16"]
[White "Baduel, Alain"]
[Black "Joli, Laurent"]
[Result "1-0"]
[WhiteElo "1600"]
[BlackElo "1793"]
[PlyCount "37"]
[EventDate "2018.07.??"]
[EventType "swiss"]
[EventRounds "9"]
[EventCountry "FRA"]

1. e4 c5 2. Nf3 Nc6 3. Nc3 e6 4. d4 cxd4 5. Nxd4 Be7 6. Be3 Nf6 7. Be2 O-O 8.
O-O a6 9. f4 b5 10. a3 Bb7 11. e5 Ne8 12. Bf3 Rc8 13. f5 Qc7 14. f6 gxf6 15.
Bh6 Nxe5 16. Bxb7 Qxb7 17. Bxf8 Bxf8 18. Kh1 Ng4 $4 19. Qxg4+ 1-0

[Event "Espalion Op"]
[Site "Espalion (12)"]
[Date "2018.07.16"]
[Round "3.17"]
[White "Martinez, Felicien"]
[Black "Martin, Gerard"]
[Result "1-0"]
[WhiteElo "1766"]
[BlackElo "1381"]
[PlyCount "79"]
[EventDate "2018.07.??"]
[EventType "swiss"]
[EventRounds "9"]
[EventCountry "FRA"]

1. e4 d6 2. d4 a6 3. f4 e6 4. c4 Nd7 5. Nf3 b6 6. Bd3 Bb7 7. Nc3 g6 8. O-O Bg7
9. d5 e5 10. f5 Qe7 11. Be3 f6 12. fxg6 hxg6 13. Qe1 O-O-O 14. Nh4 Qe8 15. Qg3
Ne7 16. Rab1 g5 17. Nf3 Qh5 18. b4 g4 19. Nd2 Bh6 20. Bxh6 Rxh6 21. Be2 Qg5 22.
Nb3 Rdh8 23. Bxg4 Rxh2 24. Bxd7+ Kxd7 25. Qxg5 fxg5 26. Kf2 Ng6 27. c5 Ke7 28.
Ne2 Nf4 29. Nxf4 gxf4 30. Rbc1 a5 31. cxd6+ Kxd6 32. bxa5 Ba6 33. Rc6+ Ke7 34.
Rxc7+ Kd8 35. axb6 f3 36. Rg1 fxg2 37. Rxg2 Rf8+ 38. Kg3 Rhh8 39. Rg7 Bf1 40.
b7 1-0

[Event "Espalion Op"]
[Site "Espalion (12)"]
[Date "2018.07.16"]
[Round "3.18"]
[White "Griggio, Jean-Paul"]
[Black "Charlier, Antoine"]
[Result "1-0"]
[WhiteElo "1752"]
[BlackElo "1259"]
[PlyCount "131"]
[EventDate "2018.07.??"]
[EventType "swiss"]
[EventRounds "9"]
[EventCountry "FRA"]

1. c4 Nf6 2. Nc3 e5 3. g3 Bc5 4. Bg2 Nc6 5. e3 d6 6. h3 Bf5 7. d3 Nb4 8. e4 Be6
9. Nge2 Nc6 10. O-O Qd7 11. Kh2 O-O 12. Bg5 Ne8 13. a3 a6 14. Be3 Ba7 15. Bxa7
Rxa7 16. Nd5 f5 17. Qd2 Nf6 18. Rac1 b6 19. b4 b5 20. c5 a5 21. Qc3 Ne7 22.
Nxe7+ Qxe7 23. f4 axb4 24. axb4 Ra2 25. Rc2 Rxc2 26. Qxc2 fxe4 27. fxe5 dxe5
28. dxe4 Bc4 29. Rd1 Qe6 30. Rd2 Nh5 31. Nc3 Qg6 32. g4 Nf4 33. Nd5 Nxd5 34.
exd5 Qxc2 35. Rxc2 Rf4 36. Rd2 Rf8 37. Kg3 g5 38. d6 cxd6 39. Rxd6 Rc8 40. Rd7
Re8 41. Be4 h6 42. c6 Be6 43. Rb7 Bc8 44. Rxb5 Ba6 45. Rb6 Ra8 46. c7 Rc8 47.
Rb8 Kf7 48. Rxc8 Bxc8 49. Bf5 e4 50. Bxc8 e3 51. Ba6 e2 52. Kf2 Ke7 53. c8=Q
Kd6 54. Qc5+ Ke6 55. Kxe2 Kf6 56. Qd5 Kg6 57. Qe5 h5 58. Ke3 hxg4 59. hxg4 Kh6
60. Qf5 Kg7 61. Qe6 Kh7 62. Ke4 Kg7 63. Ke5 Kf8 64. Qd7 Kg8 65. Kf6 Kh8 66.
Qg7# 1-0

[Event "Espalion Op"]
[Site "Espalion (12)"]
[Date "2018.07.16"]
[Round "3.19"]
[White "Mourgues, Joelle"]
[Black "Malart, Jacques"]
[Result "1-0"]
[WhiteElo "1580"]
[BlackElo "1735"]
[PlyCount "93"]
[EventDate "2018.07.??"]
[EventType "swiss"]
[EventRounds "9"]
[EventCountry "FRA"]

1. Nf3 Nf6 2. g3 g6 3. d3 Bg7 4. Bg2 O-O 5. O-O c6 6. e4 d6 7. Nbd2 e5 8. Nc4
b5 9. Ne3 a5 10. a4 b4 11. h3 Be6 12. b3 Nfd7 13. Ng4 Nf6 14. Nh6+ Kh8 15. g4
Ng8 16. Nxg8 Kxg8 17. Be3 d5 18. Ng5 d4 19. Nxe6 fxe6 20. Bd2 Nd7 21. g5 Rf7
22. Qg4 Nc5 23. h4 Qe8 24. Rae1 Kf8 25. f4 exf4 26. Rxf4 e5 27. Rxf7+ Kxf7 28.
h5 Ke7 29. h6 Bf8 30. Rf1 Kd8 31. Be1 Bd6 32. Rf3 Kc7 33. Bh3 Qe7 34. Rf6 Rf8
35. Qf3 Rxf6 36. gxf6 Qf8 37. Bd2 Qf7 38. Bg5 Kb6 39. Qg4 Nxd3 40. Qe6 Qxe6 41.
Bxe6 Nf4 42. Bxf4 exf4 43. Bg8 Bf8 44. Bxh7 g5 45. e5 d3 46. Bxd3 Bc5+ 47. Kg2
1-0

[Event "Espalion Op"]
[Site "Espalion (12)"]
[Date "2018.07.16"]
[Round "3.20"]
[White "Marie, Olivier"]
[Black "Rabier, Jean"]
[Result "0-1"]
[WhiteElo "1544"]
[BlackElo "1732"]
[PlyCount "70"]
[EventDate "2018.07.??"]
[EventType "swiss"]
[EventRounds "9"]
[EventCountry "FRA"]

1. e4 c5 2. g3 Nc6 3. Bg2 g6 4. Nc3 Bg7 5. Nce2 d6 6. c3 Qb6 7. Qc2 Bd7 8. Nh3
e6 9. Ng5 h6 10. Nxf7 Kxf7 11. d3 Nge7 12. Be3 a5 13. Bh3 Rhe8 14. Qc1 Ne5 15.
Qc2 Bc6 16. f4 Qxb2 17. Qxb2 Nxd3+ 18. Kd2 Nxb2 19. Kc2 Nc4 20. Kd3 Nxe3 21.
Kxe3 d5 22. e5 d4+ 23. cxd4 Bxh1 24. dxc5 Bd5 25. Nc3 Rac8 26. Nb5 Rxc5 27.
Nd6+ Kf8 28. Kd4 Rec8 29. Nxc8 Rxc8 30. Rb1 Rc4+ 31. Ke3 Nf5+ 32. Kd2 Kf7 33.
Rb5 Bf8 34. g4 Nd4 35. Rb2 Bb4+ 0-1

[Event "Espalion Op"]
[Site "Espalion (12)"]
[Date "2018.07.16"]
[Round "3.21"]
[White "Garde, Gilles"]
[Black "Baroyan, Davit"]
[Result "0-1"]
[WhiteElo "1384"]
[BlackElo "2049"]
[PlyCount "54"]
[EventDate "2018.07.??"]
[EventType "swiss"]
[EventRounds "9"]
[EventCountry "FRA"]

1. d3 g6 2. g3 Bg7 3. Bg2 Nc6 4. a3 d5 5. e3 e5 6. Ne2 f5 7. Nd2 Nge7 8. b3 Be6
9. Bb2 Qd7 10. h3 g5 11. Qc1 h5 12. Qd1 Ng6 13. b4 h4 14. Nf1 O-O-O 15. Qd2
hxg3 16. fxg3 f4 17. g4 e4 18. Bxg7 Qxg7 19. Qc3 d4 20. exd4 f3 21. Bxf3 exf3
22. d5 Nce5 23. Nd4 f2+ 24. Kd2 Bxd5 25. Rh2 Rhf8 26. Kc1 Nf3 27. Rxf2 Nxd4 0-1

[Event "Espalion Op"]
[Site "Espalion (12)"]
[Date "2018.07.16"]
[Round "3.22"]
[White "Dewilde, Rudi"]
[Black "Rinie, Jean-Jacques"]
[Result "0-1"]
[WhiteElo "1272"]
[BlackElo "1654"]
[PlyCount "78"]
[EventDate "2018.07.??"]
[EventType "swiss"]
[EventRounds "9"]
[EventCountry "FRA"]

1. d4 d5 2. Bf4 c6 3. c3 Nf6 4. Nf3 e6 5. e3 Nbd7 6. Nbd2 Be7 7. Be2 O-O 8. O-O
b6 9. b4 c5 10. Bb5 a6 11. Bc6 Ra7 12. a4 cxb4 13. cxb4 Bxb4 14. Rb1 Be7 15.
Nb3 Ne4 16. Qc2 Bd6 17. Bxd6 Nxd6 18. Ne5 Nxe5 19. dxe5 Nc4 20. Nd4 Na3 21. Qb3
Nxb1 22. Rxb1 Qc7 23. Qb2 Bd7 24. Qc2 Bxc6 25. Nxc6 Raa8 26. f4 g6 27. Rc1 Kg7
28. Qc3 Rfc8 29. f5 gxf5 30. e4 dxe4 31. Qg3+ Kh8 32. Qg5 Rg8 33. Qf6+ Rg7 34.
Rc3 b5 35. Rg3 Rag8 36. h3 Qxc6 37. Rxg7 Qb6+ 38. Kh2 Rxg7 39. Qe7 Qb8 0-1

[Event "Espalion Op"]
[Site "Espalion (12)"]
[Date "2018.07.16"]
[Round "3.23"]
[White "Labarthe, Arnaud"]
[Black "Callebaut, Giovanni"]
[Result "1-0"]
[WhiteElo "1632"]
[BlackElo "1616"]
[PlyCount "87"]
[EventDate "2018.07.??"]
[EventType "swiss"]
[EventRounds "9"]
[EventCountry "FRA"]

1. d4 Nf6 2. Nc3 d6 3. e4 c6 4. Bd3 Nbd7 5. f4 Qa5 6. Nf3 e5 7. fxe5 dxe5 8.
O-O exd4 9. e5 dxc3 10. exf6 Bc5+ 11. Kh1 Nxf6 12. Qe1+ Be6 13. Ng5 Kd7 14.
Nxe6 fxe6 15. bxc3 Rae8 16. Bg5 Ng4 17. Rb1 Kc8 18. h3 Bf2 19. Rxf2 Nxf2+ 20.
Qxf2 Qxg5 21. Qxa7 b5 22. Be4 Qd2 23. Qa8+ Kc7 24. Qxc6+ Kd8 25. Bd3 Rhf8 26.
Qd6+ Kc8 27. Qc6+ Kd8 28. Qxb5 Rf2 29. Qc6 Ke7 30. Qc5+ Kf7 31. Qh5+ Kf6 32.
Qh4+ Kf7 33. Qh5+ Kf8 34. Be4 h6 35. Bf3 Qxc3 36. Qg6 Qe5 37. Bh5 Rd8 38. Bf3
Rd7 39. Qe4 Qd6 40. Kg1 Qc5 41. Rb8+ Kf7 42. Qf4+ Kg6 43. Be4+ Kh5 44. Qg4# 1-0

[Event "Espalion Op"]
[Site "Espalion (12)"]
[Date "2018.07.16"]
[Round "3.24"]
[White "Duvette, Michel"]
[Black "Callebaut, Katia"]
[Result "1-0"]
[WhiteElo "1520"]
[BlackElo "1253"]
[PlyCount "65"]
[EventDate "2018.07.??"]
[EventType "swiss"]
[EventRounds "9"]
[EventCountry "FRA"]

1. d4 d5 2. Bf4 e6 3. Nf3 Bd6 4. Bg3 Nh6 5. Bh4 f6 6. e3 Nf5 7. Bg3 a6 8. Bd3
Nh6 9. c3 b5 10. Qc2 Nf5 11. Nbd2 g6 12. e4 dxe4 13. Bxe4 c6 14. O-O-O Nxg3 15.
hxg3 f5 16. Bd3 Nd7 17. Nb3 Nf6 18. Ne5 Bxe5 19. dxe5 Ng4 20. Qd2 Qd5 21. f4 h5
22. Qe2 Qd8 23. Bxf5 Qb6 24. Bxg4 Bd7 25. Bf3 Ke7 26. Rd6 Rac8 27. Rhd1 Rc7 28.
Qd3 Be8 29. Qd4 Qb7 30. Na5 Qa8 31. Qc5 Bd7 32. Rxd7+ Ke8 33. Qe7# 1-0

[Event "Espalion Op"]
[Site "Espalion (12)"]
[Date "2018.07.16"]
[Round "3.25"]
[White "Vandekerckhove, Stefaan"]
[Black "Martinez, Philippe"]
[Result "0-1"]
[WhiteElo "1172"]
[BlackElo "1506"]
[PlyCount "45"]
[EventDate "2018.07.??"]
[EventType "swiss"]
[EventRounds "9"]
[EventCountry "FRA"]

1. d4 d5 2. Nf3 Nc6 3. e3 g6 4. Nbd2 Bg7 5. c3 Nf6 6. Bd3 O-O 7. O-O Bg4 8. Re1
Qd7 9. e4 dxe4 10. Nxe4 Nxe4 11. Bxe4 Rad8 12. h3 Bf5 13. Bg5 Bxe4 14. Rxe4 h6
15. Bf4 Rfe8 16. Qd2 g5 17. Bxg5 hxg5 18. Qxg5 Qd5 19. Qh4 Rd6 20. Rae1 Rh6 21.
Qg3 Rg6 22. Rg4 Qd6 23. Qxd6 0-1

[Event "Espalion Op"]
[Site "Espalion (12)"]
[Date "2018.07.16"]
[Round "3.26"]
[White "Garde, Guillaume"]
[Black "Sanchez, Corentin"]
[Result "1-0"]
[WhiteElo "1405"]
[BlackElo "1199"]
[PlyCount "67"]
[EventDate "2018.07.??"]
[EventType "swiss"]
[EventRounds "9"]
[EventCountry "FRA"]

1. e4 e5 2. Qh5 Nf6 3. Qxe5+ Be7 4. Qf4 Nc6 5. Nf3 d5 6. e5 Nd7 7. Bb5 Nc5 8.
Nc3 Nd7 9. Nxd5 Ndb8 10. Nxe7 Qxe7 11. O-O O-O 12. d4 a6 13. Ba4 b5 14. Bb3 a5
15. c3 Qd7 16. Bc2 Qe7 17. Qh4 Qxh4 18. Nxh4 Ba6 19. Re1 b4 20. Re3 bxc3 21.
bxc3 Nd7 22. Rg3 Rae8 23. Bh6 Re6 24. Rxg7+ Kh8 25. Rxh7+ Kg8 26. Bxf8 Nxf8 27.
Rh5 Be2 28. Rg5+ Kh8 29. Re1 Bc4 30. Re3 Bxa2 31. Rh3 Nh7 32. Bxh7 Kxh7 33.
Nf5+ Rh6 34. Rxh6# 1-0